000 00325 a2200157 4500
001 179897
020 _a
040 _cMagnum
100 _a-
240 1 0 _aMarco-aurelio pensamentos
_lpor
245 1 0 _aMarco-aurelio pensamentos
362 0 _a1899
440 1 _aCultura
697 _aMAGNITO: A/ANTOLOGIA
942 _cBK
999 _c179897
_d179897